000 00283nam a2200109Ia 4500
008 201216s9999 xx 000 0 und d
100 _aRao, T. V.
245 0 _aPerformance Appraisal : Theory and Practice
260 _aShahibabad
_bVani Educational Books
300 _a278
942 _cBK
999 _c6485
_d6485